Statistiques concernant Pokémon - Les attaques de Grondogue

Cliquez ici pour prendre le quiz!

Statistiques générales

  • Ce quiz a été pris 3 fois
  • Le résultat moyen est 9 sur 15

Statistiques - réponses

NiveauxTypesNoms des attaques% Correct
DépartNormalCharge
100%
DépartNormalGroz'Yeux
100%
Niveau 4SpectreLéchouille
100%
Niveau 31TénèbresMâchouille
100%
Niveau 14TénèbresMorsure
100%
Niveau 7TénèbresAboiement
67%
Niveau 39CombatContre
67%
Niveau 18NormalHurlement
67%
Niveau 26TénèbresReprésailles
67%
Niveau 10TénèbresAiguisage
33%
Niveau 22NormalCoup d'Boule
33%
Niveau 49NormalDamoclès
33%
DépartNormalGrimace
33%
Niveau 43TénèbresCroque Fort
0%
Niveau 35NormalVantardise
0%

Distribution des résultats

Percentile par nombre de réponses

% des personnes avec chaque résultat

Votre développement - résultats

Vous n’avez pas pris ce quiz